| 000 | 00812nam a2200289Ia 4500 | ||
|---|---|---|---|
| 008 | 180207s9999 xx 000 0 und d | ||
| 020 | _a9781507202920 | ||
| 050 | _a657 | ||
| 050 | _bC131 2017 | ||
| 100 | _aCagan, Michele | ||
| 245 | _aAccounting 101 : | ||
| 245 | _bfrom calculating revenues and profits to determining assets and liabilities, an essential guide to accounting basics / | ||
| 245 | _cby Michele Cagan. | ||
| 260 | _aAvon, Massachusetts : | ||
| 260 | _bAdams Media, | ||
| 260 | _c2017 | ||
| 300 | _a271 pages : | ||
| 300 | _billustrations ; | ||
| 300 | _c19cm. | ||
| 500 | _aIncludes index. | ||
| 650 | _aAccounting. | ||
| 650 | _aBusiness & Economics -- | ||
| 650 | _aCorporations -- | ||
| 650 | _xAccounting -- General. | ||
| 650 | _xAccounting. | ||
| 700 | _aTitle. | ||
| 999 |
_c355911 _d355911 |
||